The bridges of Madison county/. (Record no. 20963)
[ view plain ]
| 000 -LEADER | |
|---|---|
| fixed length control field | 00441nam a2200157 a 4500 |
| 005 - DATE AND TIME OF LATEST TRANSACTION | |
| control field | 20140310183300.0 |
| 008 - FIXED-LENGTH DATA ELEMENTS--GENERAL INFORMATION | |
| fixed length control field | 041210s19uu xx 00 eng d |
| 020 ## - INTERNATIONAL STANDARD BOOK NUMBER | |
| International Standard Book Number | 0749316780 |
| 050 ## - LIBRARY OF CONGRESS CALL NUMBER | |
| Classification number | PS 3573.A4347 |
| Item number | .W198 1993 |
| 100 ## - MAIN ENTRY--PERSONAL NAME | |
| Personal name | Waller, Robert James |
| 245 ## - TITLE STATEMENT | |
| Title | The bridges of Madison county/. |
| Statement of responsibility, etc | Robert James Waller |
| 260 ## - PUBLICATION, DISTRIBUTION, ETC. (IMPRINT) | |
| Place of publication, distribution, etc | New York ; |
| Name of publisher, distributor, etc | Warner Books, |
| Date of publication, distribution, etc | 1993. |
| 300 ## - PHYSICAL DESCRIPTION | |
| Extent | 171 p. : |
| Dimensions | 17 cm. |
| 942 ## - ADDED ENTRY ELEMENTS (KOHA) | |
| Koha item type | Books |
| Source of classification or shelving scheme | Library of Congress Classification |
| Withdrawn status | Lost status | Source of classification or shelving scheme | Damaged status | Home library | Current library | Shelving location | Date acquired | Total Checkouts | Full call number | Barcode | Date last seen | Date checked out | Copy number | Price effective from | Koha item type |
|---|---|---|---|---|---|---|---|---|---|---|---|---|---|---|---|
| Library of Congress Classification | College Library | College Library | Fiction Section | 12/10/2004 | 1 | PS 3573.A4347 .W198 1993 | C5786 | 11/05/2024 | 11/04/2024 | 1 | 10/10/2013 | Books |